Województwa – nagła śmierć - Statystyki

Ogólne statystyki
  • Ten quiz został rozwiązany 19 334 razy
  • Średni wynik to 13 z 16
Answers on the Grid
Answers color-coded by a green-red scale on the quiz's grid according to % correct below.
białostockie
bydgoskie
dolnośląskie
górnośląskie
katowickie
kieleckie
krajeńskie
krakowskie
kujawskie
kujawsko-pomorskie
łódzkie
lubelskie
lublińskie
lubuskie
łużyckie
lwowskie
małopolskie
mazowieckie
mazurskie
opolskie
podkarpackie
podlaskie
pomorskie
radomskie
rzeszowskie
śląskie
świętokrzyskie
warmińskie
warmińsko-mazurskie
wielkie
wielkopolskie
wileńskie
wołyńskie
zachodniopomorskie
zielonogórskie
 
Statystyki odpowiedzi
Odpowiedź % Poprawnych
dolnośląskie
92%
kujawsko-pomorskie
81%
łódzkie
79%
lubelskie
79%
małopolskie
79%
mazowieckie
78%
wielkopolskie
78%
lubuskie
77%
podkarpackie
77%
śląskie
77%
świętokrzyskie
77%
warmińsko-mazurskie
77%
opolskie
76%
podlaskie
76%
pomorskie
76%
zachodniopomorskie
76%
Nie znaleziono quizów pasujących do podanych kryteriów
Rozkład punktacji
Procent ludzi z każdym wynikiem
Percentyl według liczby udzielonych odpowiedzi
Twoja historia wyników
Nie rozwiązałeś tego quizu